A descriptive catalogue of Sanskrit manuscripts in the library of the Calcutta Sanskrit college. (Record no. 92409)

MARC details
000 -LEADER
fixed length control field 01882cam a22003131 4500
001 - CONTROL NUMBER
control field z 01000028
003 - CONTROL NUMBER IDENTIFIER
control field DLC
005 - DATE AND TIME OF LATEST TRANSACTION
control field 20260227112812.0
008 - FIXED-LENGTH DATA ELEMENTS--GENERAL INFORMATION
fixed length control field 790213m18951917xx 000 0 eng
010 ## - LIBRARY OF CONGRESS CONTROL NUMBER
LC control number z 01000028
035 ## - SYSTEM CONTROL NUMBER
System control number (OCoLC)4649983
040 ## - CATALOGING SOURCE
Original cataloging agency DLC
Transcribing agency OCl
Modifying agency DLC
042 ## - AUTHENTICATION CODE
Authentication code premarc
050 00 - LIBRARY OF CONGRESS CALL NUMBER
Classification number Z662
Item number .C144
110 2# - MAIN ENTRY--CORPORATE NAME
Corporate name or jurisdiction name as entry element Sanskrit College (Kolkata, India).
Subordinate unit Library.
245 02 - TITLE STATEMENT
Title A descriptive catalogue of Sanskrit manuscripts in the library of the Calcutta Sanskrit college.
Statement of responsibility, etc. Prepared under the orders of the government of Bengal, by Hṛīshikeśa Śātrī, and Siva Chandra Gui.
260 ## - PUBLICATION, DISTRIBUTION, ETC.
Place of publication, distribution, etc. Calcutta,
Name of publisher, distributor, etc. Printed by J.N. Banerjee & son, Banerjee press,
Date of publication, distribution, etc. 1895-1917.
300 ## - PHYSICAL DESCRIPTION
Extent 10 v. in 11.
Dimensions 25 cm.
500 ## - GENERAL NOTE
General note Issued in 32 parts, 1892-1917.
500 ## - GENERAL NOTE
General note Vol. 1, no. 1, by Hṛīshikeśa Śāstrī alone; v. 10, nos. 25-30, by Hṛīshikeśa Śāstrī and Nīlamaṇi Cakravartti; nos. 31-32, by Bhavabhūti Vidyāratna and Nīlamaṇi Cakravartti.
500 ## - GENERAL NOTE
General note Vol. 1 has imprint: Printed at the Baptist mission press.
505 0# - FORMATTED CONTENTS NOTE
Formatted contents note I. Vedic manuscripts. 1892-95.--II. Smṛiti and Níti manuscripts. 1896-98.--III. Philosophy manuscripts. 1899-1900.--IV. Purāṇa manuscripts. 1900-02.--V. Tantra manuscripts. 1902-03.--VI. Kāvya manuscripts. 1903-04.--VII. Alaṅkāraḥ, Chandaḥ, political science and lexicography manuscripts. 1904.--VIII. Grammar manuscripts. 1904--IX. Astrology & astronomy manuscripts. 1904-06.--X. 1-3. Medicine manuscripts. 1906-07. Vaiṣṇava literatures manuscripts. 1907-09. Jaina manuscripts. 1909-13. Appendix, 1913-17. 2 v.
650 #0 - SUBJECT ADDED ENTRY--TOPICAL TERM
Topical term or geographic name entry element Manuscripts, Sanskrit
Form subdivision Catalogs.
650 #0 - SUBJECT ADDED ENTRY--TOPICAL TERM
Topical term or geographic name entry element Manuscripts, Indic
Form subdivision Catalogs.
700 1# - ADDED ENTRY--PERSONAL NAME
Personal name Śāstrī, Hṛīshikeśa,
Titles and other words associated with a name pandit,
Relator term ed.
700 1# - ADDED ENTRY--PERSONAL NAME
Personal name Gui, Śiva Chandra,
Relator term joint ed.
700 1# - ADDED ENTRY--PERSONAL NAME
Personal name Cakravartti, Nīlamani.
700 1# - ADDED ENTRY--PERSONAL NAME
Personal name Vidyāratna, Bhavabhūti.

No items available.

Powered by Koha